<?xml version="1.0" encoding="UTF-8"?>
<record
    xmlns:xsi="http://www.w3.org/2001/XMLSchema-instance"
    xsi:schemaLocation="http://www.loc.gov/MARC21/slim http://www.loc.gov/standards/marcxml/schema/MARC21slim.xsd"
    xmlns="http://www.loc.gov/MARC21/slim">

  <leader>00974nam a22002175i 4500</leader>
  <controlfield tag="001">78373</controlfield>
  <controlfield tag="003">BD-RjUL</controlfield>
  <controlfield tag="005">20211209083125.0</controlfield>
  <controlfield tag="008">211006s1907    sa            000 0darar </controlfield>
  <datafield tag="035" ind1=" " ind2=" ">
    <subfield code="a">(BD-RjUL)78599</subfield>
  </datafield>
  <datafield tag="040" ind1=" " ind2=" ">
    <subfield code="a">DLC</subfield>
    <subfield code="e">rda</subfield>
    <subfield code="c">WaU</subfield>
    <subfield code="d">CU</subfield>
    <subfield code="d">CtY</subfield>
    <subfield code="d">UkOxU</subfield>
    <subfield code="b">eng</subfield>
  </datafield>
  <datafield tag="041" ind1=" " ind2=" ">
    <subfield code="a">ara</subfield>
  </datafield>
  <datafield tag="082" ind1=" " ind2=" ">
    <subfield code="2">23</subfield>
    <subfield code="a">297.125</subfield>
    <subfield code="b">IBT 1907</subfield>
  </datafield>
  <datafield tag="100" ind1="1" ind2=" ">
    <subfield code="a">Ibn &#x1E24;ajar al-&#x2BF;Asqal&#x101;n&#x12B;, A&#x1E25;mad ibn &#x2BF;Al&#x12B; ;; &#x627;&#x628;&#x646; &#x62D;&#x62C;&#x631; &#x627;&#x644;&#x639;&#x633;&#x642;&#x644;&#x627;&#x646;&#x64A;&#x60C; &#x623;&#x62D;&#x645;&#x62F; &#x628;&#x646; &#x639;&#x644;&#x64A;.</subfield>
    <subfield code="d">1372-1449,</subfield>
    <subfield code="e">author.</subfield>
    <subfield code="9">248985</subfield>
  </datafield>
  <datafield tag="245" ind1="1" ind2="0">
    <subfield code="a">Ta&#x2BF;j&#x12B;l al-manfa&#x2BF;ah bi-zaw&#x101;&#x2BC;id rij&#x101;l al-a&#x2BC;immah al-arba&#x2BF;ah ;; &#x62A;&#x639;&#x62C;&#x64A;&#x644; &#x627;&#x644;&#x645;&#x646;&#x641;&#x639;&#x629; &#x628;&#x632;&#x627;&#x648;&#x626;&#x62F; &#x631;&#x62C;&#x627;&#x644; &#x627;&#x644;&#x623;&#x626;&#x645;&#x629; &#x627;&#x644;&#x623;&#x631;&#x628;&#x639;&#x629; /</subfield>
    <subfield code="c">li-Ab&#x12B; al-Fa&#x1E0D;l A&#x1E25;mad ibn &#x2BF;Al&#x12B; ibn &#x1E24;ajar al-&#x2BF;Asqal&#x101;n&#x12B;.;; &#x644;&#x623;&#x628;&#x64A; &#x627;&#x644;&#x641;&#x636;&#x644; &#x623;&#x62D;&#x645;&#x62F; &#x628;&#x646; &#x639;&#x644;&#x64A; &#x628;&#x646; &#x62D;&#x62C;&#x631; &#x627;&#x644;&#x639;&#x633;&#x642;&#x644;&#x627;&#x646;&#x64A;./</subfield>
  </datafield>
  <datafield tag="250" ind1=" " ind2=" ">
    <subfield code="a">al-&#x1E6C;ab&#x2BF;ah 1.</subfield>
  </datafield>
  <datafield tag="264" ind1=" " ind2="1">
    <subfield code="a">Misr :</subfield>
    <subfield code="b">Mazlis daera al moaraf,</subfield>
    <subfield code="c">1324 [1907]</subfield>
  </datafield>
  <datafield tag="300" ind1=" " ind2=" ">
    <subfield code="a">571, 4 pages ;</subfield>
    <subfield code="c">26 cm</subfield>
  </datafield>
  <datafield tag="650" ind1=" " ind2="0">
    <subfield code="a">Hadith</subfield>
    <subfield code="x">Authorities.</subfield>
    <subfield code="9">248986</subfield>
  </datafield>
  <datafield tag="942" ind1=" " ind2=" ">
    <subfield code="2">ddc</subfield>
    <subfield code="c">BK</subfield>
  </datafield>
  <datafield tag="999" ind1=" " ind2=" ">
    <subfield code="c">78373</subfield>
    <subfield code="d">78373</subfield>
  </datafield>
  <datafield tag="952" ind1=" " ind2=" ">
    <subfield code="0">0</subfield>
    <subfield code="1">0</subfield>
    <subfield code="2">ddc</subfield>
    <subfield code="4">0</subfield>
    <subfield code="7">1</subfield>
    <subfield code="8">NFIC</subfield>
    <subfield code="a">RUCL</subfield>
    <subfield code="b">RUCL</subfield>
    <subfield code="c">Reading</subfield>
    <subfield code="d">2021-10-09</subfield>
    <subfield code="l">0</subfield>
    <subfield code="o">A 297.125 IBT 1907</subfield>
    <subfield code="r">2021-10-09 00:00:00</subfield>
    <subfield code="t">c-1</subfield>
    <subfield code="w">2021-10-09</subfield>
    <subfield code="y">BK</subfield>
  </datafield>
</record>
